000 00876cam a2200229 4500
001 ABS63542
008 000000n2001 000 0 eng u
035 _a(Sirsi) u111022
100 _aLinsell, R.
245 _aLLPs at last!
260 _c2001
490 _aAccountancy
_v127(1290) February 2001, 120-121(2)
520 _aFirst of two articles which outlines the historical background to the Limited Liability Partnerships Act 2000, and key points of the new law. Discusses how the LLP structure will function, and the incorporation of the LLP.
590 _aABS
650 _aLIMITED LIABILITY PARTNERSHIPS ACT 2000
650 _aINSOLVENCY ACT 1986
650 _aCOMPANIES ACT 1985
650 _aINCORPORATION
650 _aPROFESSIONAL INDEMNITY INSURANCE
690 _aPROPERTY-COMMERCIAL PROPERTY-COMMERCIAL PROPERTY FINANCE AND INVESTMENT
942 _n0
999 _c66160
_d66160